El volcán de San Juan, también llamado de "Las Manchas" y del "Nambroque". La Palma (Canarias) / (Record no. 98234)

MARC details
000 -LEADER
campo de control de longitud fija 00559nam a2200157 i 4500
001 - NÚMERO DE CONTROL
campo de control 98234
003 - IDENTIFICADOR DE NÚMERO DE CONTROL
campo de control ES-MaACL
005 - FECHA Y HORA DE LA ÚLTIMA TRANSACCIÓN
campo de control 20230906182235.0
007 - CAMPO FIJO DE DESCRIPCIÓN FÍSICA--INFORMACIÓN GENERAL
campo de control de longitud fija t|
008 - DATOS DE LONGITUD FIJA--INFORMACIÓN GENERAL
campo de control de longitud fija 050727s1960 sp ||||1| spa d
100 1# - ENTRADA PRINCIPAL--NOMBRE DE PERSONA
Nombre de persona Martel San Gil, Manuel.
9 (RLIN) 77159
245 13 - MENCIÓN DEL TÍTULO
Título El volcán de San Juan, también llamado de "Las Manchas" y del "Nambroque". La Palma (Canarias) /
Mención de responsabilidad, etc. Manuel Martel San Gil.
260 ## - PUBLICACIÓN, DISTRIBUCIÓN, ETC.
Lugar de publicación, distribución, etc. Madrid :
Nombre del editor, distribuidor, etc. Artes Gráficas,
Fecha de publicación, distribución, etc. 1960.
300 ## - DESCRIPCIÓN FÍSICA
Extensión XIII, 240 p., 1 lám. pleg., lám. I-LXVI :
Otras características físicas il., 1 map. ;
Dimensiones 22 cm.
852 ## - LOCALIZACIÓN
Ubicación ES-MaACL
Número de control de estantería C-18419
Sublocalización o colección R.46590
Holdings
Estatus retirado Estado de pérdida Estado de daño No para préstamo Biblioteca de origen Biblioteca actual Ubicación en estantería Fecha de adquisición Fuente de adquisición Total de préstamos Signatura topográfica completa Código de barras Visto por última vez Precio de reemplazo Tipo de ítem Koha
        Biblioteca del Ateneo de Madrid Biblioteca del Ateneo de Madrid Galería 17/01/2008     C-18419 1102547 23/02/2023 23/02/2023 Libro impreso